Readings in money, national income, and stabilization policy

Bibliographic Details
Other Authors: Teigen, Ronald L. (Editor)
Format: Book
Language:English
Published: Illinois : Rechard D. Irwin 1978
Edition:Fourth Edition
Subjects:

MARC

LEADER 00000cam a2200000 7i4500
001 0000001760
005 20240924.0
008 991126 ilu a eng
020 |a 0256020310 
040 |a INS   |b eng   |e rda 
090 0 0 |a HJ257.2   |b .S54 1978 
245 0 0 |a Readings in money, national income, and stabilization policy   |c edited by Ronald L. Teigen 
250 |a Fourth Edition 
264 1 |a Illinois :   |b Rechard D. Irwin   |c 1978 
300 |a xi, 492 pages :   |b illustrations ;   |c 25 cm. 
336 |a text  |2 rdacontent 
337 |a unmediated  |2 rdamedia 
338 |a volume  |2 rdacarrier 
650 0 |a Fiscal policy 
650 0 |a Monetary policy 
700 1 |a Teigen, Ronald L. ,   |e editor 
999 |a 0000003760   |b BOOK   |c Open Shelf   |e Default branch